Imaginémonos el caos. Cine, cultura y revolución en Chile, 1967-1973.
Збережено в:
| Автор: | |
|---|---|
| Формат: | Невідомо |
| Мова: | Англійська |
| Опубліковано: |
Santiago, Chile:
Fondo de Cultura Económica,
2023
|
| Редагування: | Primera edición |
| Серія: | Biblioteca Recorridos
|
| Предмети: | |
| Теги: |
Додати тег
Немає тегів, Будьте першим, хто поставить тег для цього запису!
|
MARC
| LEADER | 00000 a2200000 4500 | ||
|---|---|---|---|
| 003 | CL-VaPUC | ||
| 005 | 20240328123303.0 | ||
| 008 | 240314t2023 ||||| |||| 00| 0 eng d | ||
| 999 | |c 443121 |d 443119 | ||
| 020 | |a 9789562445955 | ||
| 040 | |c Pontificia Universidad Católica de Valparaíso | ||
| 082 | 0 | 4 | |2 22 |a 791.430983 MAR 2023 |
| 100 | 1 | |a Marín Castro, Pablo |e autor |9 887758 | |
| 245 | 1 | 0 | |a Imaginémonos el caos. |b Cine, cultura y revolución en Chile, 1967-1973. |
| 250 | |a Primera edición | ||
| 260 | |a Santiago, Chile: |b Fondo de Cultura Económica, |c 2023 | ||
| 300 | |a 210 páginas | ||
| 490 | 0 | |a Biblioteca Recorridos |n , nº 4 | |
| 583 | |k GC |c 20240314 | ||
| 650 | 1 | |a Cine chileno |x Historia |x Unidad Popular |y 1967-1973 |9 887760 | |
| 650 | 1 | |a Cine chileno |x Aspectos políticos |y 1967-1973 |9 887761 | |
| 650 | 1 | |a Cine chileno |x Aspectos sociales |y 1967-1973 |9 887762 | |
| 651 | |a Chile |x Política y gobierno |y 1967-1973 |9 887763 | ||
| 942 | |2 ddc |c BK | ||
| 952 | |0 0 |1 0 |2 ddc |4 0 |6 791_430983000000000_MAR_2023 |7 0 |8 A |9 593630 |a BIBART |b FDOSRS |d 2024-03-13 |e 135 |g 15900.00 |i 5660339 |o 791.430983 MAR 2023 |p 5660339 |r 2024-03-13 |t 1 |v 15900.00 |w 2024-03-13 |y BK |k ART | ||